| 000 | 00494nam a2200193Ia 4500 | ||
|---|---|---|---|
| 003 | OSt | ||
| 005 | 20250213161748.0 | ||
| 008 | 210210b1948 xxu||||| |||| 00| 0 eng d | ||
| 040 | _cAL | ||
| 041 | _ahin | ||
| 082 | _a869/132 | ||
| 100 |
_aMUNSHI (K M) _9199521 |
||
| 110 |
_bमुंशी (के एम) _9199522 |
||
| 245 |
_aJaya somanath: _bजाया सोमानाथ |
||
| 260 |
_aDelhi _b- _c1948 |
||
| 690 |
_aHindi Fiction _9199523 |
||
| 906 | _a023931 | ||
| 942 |
_2ddc _cBK |
||
| 999 |
_c148896 _d148896 |
||